In The Flat Field (Record n. 101245)

Dettagli MARC
000 -LEADER
fixed length control field 01169njm a2200301Ia 4500
001 - CONTROL NUMBER
control field B7510
003 - CONTROL NUMBER IDENTIFIER
control field IT-RoPAU
005 - DATE AND TIME OF LATEST TRANSACTION
control field 20220918181141.0
008 - FIXED-LENGTH DATA ELEMENTS--GENERAL INFORMATION
fixed length control field 131025s9999 xx 000 0 und d
040 ## - CATALOGING SOURCE
Original cataloging agency IT-RoPAU
040 ## - CATALOGING SOURCE
Transcribing agency IT-RoPAU
041 ## - LANGUAGE CODE
Language code of text/sound track or separate title INGLESE
999 ## - SYSTEM CONTROL NUMBERS (KOHA)
Koha Dewey Subclass [OBSOLETE] n.d.
100 ## - MAIN ENTRY--PERSONAL NAME
Personal name Bauhaus
9 (RLIN) 29263
100 ## - MAIN ENTRY--PERSONAL NAME
Relator term Autore musica
9 (RLIN) 29264
100 ## - MAIN ENTRY--PERSONAL NAME
Miscellaneous information Codice autore musica SPICS: 39007
9 (RLIN) 29265
245 ## - TITLE STATEMENT
Title In The Flat Field
250 ## - EDITION STATEMENT
Edition statement 1a ed.
260 ## - PUBLICATION, DISTRIBUTION, ETC. (IMPRINT)
Place of publication, distribution, etc. INGHILTERRA
260 ## - PUBLICATION, DISTRIBUTION, ETC. (IMPRINT)
Name of publisher, distributor, etc. CONTROL
Date of publication, distribution, etc. 1980 [1a Ed.:1980 - Ed. Lingua Orig.: 1980]
300 ## - PHYSICAL DESCRIPTION
Extent COMPACT DISC
500 ## - GENERAL NOTE
General note Musica pop.
505 ## - FORMATTED CONTENTS NOTE
Formatted contents note Dark Entries - Double Dare - In the Flat Field - God In An Alcove - Dive - Spy In the Cab - Small Talk Stinks - St. Vitus Dance - Stigmata Martyr - Nerves - Telegram Sam - Rosegarden Funeral of Sores - Terror Couple Kill Colonel - Scopes - Untitled - God In An Alcove - Crowds
650 ## - SUBJECT ADDED ENTRY--TOPICAL TERM
Topical term or geographic name as entry element POP [COMPACT DISC]
Relator term Codice MATERIA SPICS: 9949
9 (RLIN) 10570
700 ## - ADDED ENTRY--PERSONAL NAME
Personal name Bauhaus
Relator term Autore testo e musica
Miscellaneous information Codice autore testo/musica SPICS: 39007
9 (RLIN) 29266
700 ## - ADDED ENTRY--PERSONAL NAME
Personal name Bauhaus
Miscellaneous information Codice interprete SPICS: 39007
Relator term Interprete
9 (RLIN) 29267
942 ## - ADDED ENTRY ELEMENTS (KOHA)
Koha item type CD AUDIO
Source of classification or shelving scheme Dewey Decimal Classification
Dati di copia
Withdrawn status Lost status Damaged status Not for loan Home library Current library Date acquired Total Checkouts Full call number Date last seen Price effective from Koha item type Public note
    Buone Condizioni Not For Loan SPICS-MEDIATECA SPICS-MEDIATECA 25/10/2013   B7510 25/10/2013 25/10/2013 CD AUDIO Progr. Ins.: 844 / N.Vol.: 1 / Copie: 1 - Copia rara: n.d. / date import: 01.01.2014 - By Epidotti, Trombetti, Vaglietti
CREDITS: SOCIETA' SAN PAOLO Via A.Severo, 58 - ROMA (RM) & PERIODICI SAN PAOLO SRL Via Giotto, 36 MILANO & CISF Via Giotto, 36 MILANO & EDIZIONI SAN PAOLO SRL,  Piazza Soncino, 5 CINISELLO BALSAMO (MI) -- ITALY